[Event "Wch Rapid"]
[Site "St Petersburg"]
[Date "2018.12.28"]
[Round "13"]
[White "Shirov, Alexei"]
[Black "Svidler, Peter"]
[Result "0-1"]
[WhiteElo "2643"]
[BlackElo "2737"]
[PlyCount "112"]
[EventDate "2018.12.26"]
[EventType "swiss (rapid)"]
[EventRounds "15"]
[EventCountry "RUS"]
[SourceTitle "CBM 187 Extra"]
[Source "ChessBase"]
[SourceDate "2018.11.04"]
[SourceVersion "1"]
[SourceVersionDate "2018.11.04"]
[SourceQuality "1"]

1. e4 c5 2. Nf3 Nc6 3. d4 cxd4 4. Nxd4 e6 5. Nc3 a6 6. Be3 Nf6 7. f4 Bb4 8. Bd3
e5 9. fxe5 Nxe5 10. O-O Bc5 11. h3 d6 12. Qe1 O-O 13. Rd1 Re8 14. Qf2 Be6 15.
Nxe6 Bxe3 16. Nxd8 Bxf2+ 17. Rxf2 Rexd8 18. Rfd2 Kf8 19. Be2 Ke7 20. g4 h6 21.
h4 Rac8 22. g5 hxg5 23. hxg5 Nh7 24. Nd5+ Kf8 25. g6 Nxg6 26. Bg4 Rc4 27. b3
Rxe4 28. Bf5 Re5 29. Bxg6 fxg6 30. Nf4 Re4 31. Rf1 Kf7 32. Nh3+ Kg8 33. Rfd1
Re3 34. Nf4 g5 35. Nd5 Re4 36. Nb6 g4 37. Nc4 Ng5 38. Nxd6 Nf3+ 39. Kg2 Re6 40.
Rd5 Nh4+ 41. Kh2 g3+ 42. Kh3 g2 43. Kxh4 Rexd6 44. Rxd6 Rxd6 45. Re1 Rd2 46.
Kg3 Rxc2 47. a4 Rb2 48. Kh2 Rxb3 49. Kxg2 a5 50. Re7 b6 51. Rc7 Rb4 52. Rc6 Kf7
53. Kf3 g5 54. Rh6 Ke7 55. Rg6 g4+ 56. Ke2 Kd7 0-1

[Event "Wch Blitz"]
[Site "St Petersburg"]
[Date "2018.12.29"]
[Round "1"]
[White "Svidler, Peter"]
[Black "Goganov, Aleksey"]
[Result "1/2-1/2"]
[WhiteElo "2737"]
[BlackElo "2612"]
[PlyCount "70"]
[EventDate "2018.12.29"]
[EventType "swiss (blitz)"]
[EventRounds "21"]
[EventCountry "RUS"]
[SourceTitle "CBM 187 Extra"]
[Source "ChessBase"]
[SourceDate "2018.11.04"]
[SourceVersion "1"]
[SourceVersionDate "2018.11.04"]
[SourceQuality "1"]

1. e4 e6 2. d4 d5 3. Nd2 c5 4. Ngf3 cxd4 5. Nxd4 Nf6 6. exd5 Qxd5 7. Nb5 Na6 8.
Be2 Be7 9. O-O O-O 10. a4 Qd8 11. Nc4 Nc5 12. Bf4 Nd5 13. Be5 b6 14. Bf3 Bb7
15. Qe2 Ba6 16. b3 Bxb5 17. axb5 Bf6 18. Rad1 Bxe5 19. Qxe5 Nd7 20. Qd4 N7f6
21. Ne5 Rc8 22. Nc6 Qc7 23. c4 Ne7 24. Ra1 Nxc6 25. bxc6 e5 26. Qe3 e4 27. Bxe4
Rfe8 28. f3 a5 29. Rad1 Qxc6 30. Bxc6 Rxe3 31. Ba4 Kf8 32. Rd6 Re6 33. Rxe6
fxe6 34. Kf2 Ke7 35. Ke3 Rd8 1/2-1/2

[Event "Grenke Chess Classic 6th"]
[Site "Karlsruhe/Baden Baden"]
[Date "2019.04.22"]
[Round "3"]
[White "Svidler, Peter"]
[Black "Meier, Georg"]
[Result "1-0"]
[WhiteElo "2735"]
[BlackElo "2628"]
[Annotator "Krasenkow,M"]
[PlyCount "73"]
[EventDate "2019.04.20"]
[EventType "tourn"]
[EventRounds "9"]
[EventCountry "GER"]
[EventCategory "19"]
[SourceTitle "CBM 190"]
[Source "ChessBase"]
[SourceDate "2019.06.30"]
[SourceVersion "1"]
[SourceVersionDate "2019.06.30"]
[SourceQuality "1"]

{[%evp 0,37,19,25,58,28,36,29,33,53,27,12,24,-4,20,23,52,29,0,3,6,8,28,28,25,
52,62,77,61,61,66,-16,84,75,66,58,51,39,105,85]} 1. e4 e6 2. d4 d5 3. Nc3 Nf6
4. e5 Nfd7 5. f4 c5 6. Nf3 Nc6 7. Be3 cxd4 8. Nxd4 Qb6 9. Qd2 Qxb2 10. Rb1 Qa3
11. Bb5 Nxd4 12. Bxd4 Bb4 13. Rb3 (13. O-O {is a more common alternative.})
13... Qa5 14. a3 Be7 15. f5 exf5 16. Nxd5 {An old line, popular in the last
century.} Qxd2+ (16... Bh4+ $5 17. Kd1 $7 (17. g3 Qxd2+ 18. Kxd2 Bd8 19. Rc3 (
19. Rf1 O-O 20. Bxd7 Bxd7 21. Rxb7 Bc6 22. Ne7+ Bxe7 23. Rxe7 Rfd8 $15 {
L.Ftacnik}) 19... a6 20. Bd3 Nf8 21. Nb6 Bxb6 22. Bxb6 {1-0 (31) Schmaltz,R 
(2490)-Wehner,R (2284) Baden 2017} Ng6 $13) 17... Qxd2+ (17... Qd8 $2 18. Nf6+
$1 gxf6 19. exf6 O-O 20. Rg3+ Kh8 21. Qh6 Rg8 22. Rg7 Nf8 {1-0 (22) De Firmian
Nick E (2605)-Huebner Robert (2630) Polanica Zdroj 1995 [De Firmian,N]} 23.
Rxg8+ Kxg8 24. Qg7#) 18. Kxd2 Bd8 $1 {- 16...Qxd2+}) 17. Kxd2 Bd8 $1 18. Rc3 (
18. c4 $5 a6 19. Bxd7+ (19. Ba4 O-O 20. Rd1 (20. Kc3 b5 21. cxb5 Bb7 22. Nb4
Nb6 $17 {1-0 (56) Nijboer,F (2571)-Porat,S (2444) Cappelle-la-Grande 2006})
20... Re8 21. Kc2 b5 22. cxb5 Bb7 23. bxa6 Bxd5 24. Bxd7 Re7 25. Bxf5 Bxb3+ 26.
Kxb3 Rxa6 {1/2 (27) Finnie,D (2533)-Sowden,E (2394) BFCC Email 2002}) 19...
Bxd7 20. Rxb7 Bc8 21. Rb2 Be6 22. Kd3 Rc8 $13 {1-0 (41) Perez,M (2406)-Catelli,
H (2200) Mar del Plata 2017}) (18. Rg3 a6 19. Bxd7+ (19. Ba4 b5 20. Bb3 Nf8 21.
Bb6 Be6 $15 {1-0 (57) Cori Quispe,K (2468)-Mariani,D (2055) Montevideo 2018})
19... Bxd7 20. Rxg7 Be6 21. Nf6+ (21. Nf4 Be7 $11 {1-0 (49) Nijboer,F (2475)
-Kuijf,M (2470) Wijk aan Zee 1996 CBM 052 [Knaak,R]}) 21... Bxf6 22. exf6 O-O-O
23. c3 h5 24. Re1 h4 25. h3 Rd5 $11 {1/2 (33) Monin,N (2359)-Gavrilov,A (2438)
St Petersburg 2001}) 18... Ba5 {Georg Meier misses the right move, already
seen before:} (18... a6 $142 $1 19. Bd3 Nf8 20. Bb6 Be6 21. Nc7+ Bxc7 22. Bxc7
g6 23. g4 $6 (23. Bd6 Rc8 $13) 23... Bd5 24. Rg1 f4 $17 {0-1 (45) Sahu,S (2340)
-Singh,G (2265) Kolkata 1996}) 19. Nc7+ Bxc7 20. Rxc7 Kd8 21. Rc3 $16 {[%csl
Rd8]} Nf8 22. Bc5 $6 (22. Rd3 $1 Bd7 (22... Kc7 23. Bc5 $40) 23. Rb1 b6 24. e6
$1 $16) 22... Bd7 23. Bxf8 Bxb5 24. Bxg7 Rg8 25. Bf6+ Kd7 26. Rd1 f4 $2 (26...
Rxg2+ 27. Ke3+ Ke8 28. Rc7 Bc6 29. e6 fxe6 30. Rxh7 Kf8 {, and Black
successfully defends.}) 27. g3 fxg3 28. Kc1+ Ke8 29. hxg3 $16 {[%csl Re8]
Comparing to the 26...Rxg2+ line, Black has no extra pawn and a poor position.}
Bc6 30. Rd4 Rg6 31. Rcd3 Kf8 32. Rh4 h6 33. g4 Bb5 34. Rd2 Re8 35. g5 Rxg5 36.
Rxh6 Rg8 37. Rdh2 $1 {[%cal Rh6h8]} 1-0

[Event "Chess24 Banter Blitz Cup"]
[Site "chess24.com INT"]
[Date "2019.11.13"]
[Round "1.1"]
[White "Rosen, Eric S"]
[Black "Svidler, Peter"]
[Result "0-1"]
[WhiteElo "2353"]
[BlackElo "2729"]
[PlyCount "84"]
[EventDate "2019.09.25"]
[EventType "k.o. (blitz)"]
[EventRounds "7"]
[EventCountry "USA"]
[SourceTitle "CBM 193 Extra"]
[Source "ChessBase"]
[SourceDate "2020.01.31"]
[SourceVersion "1"]
[SourceVersionDate "2020.01.31"]
[SourceQuality "1"]

1. d4 Nf6 2. Bf4 g5 3. Bxg5 Bg7 4. Nc3 d5 5. Nf3 Bf5 6. Ne5 c6 7. e3 Nbd7 8.
Bd3 Bg6 9. h4 Nxe5 10. dxe5 Nd7 11. e6 fxe6 12. Bxg6+ hxg6 13. Qd3 Ne5 14. Qe2
Qb6 15. Rb1 Nf7 16. O-O Nxg5 17. hxg5 O-O-O 18. Qg4 c5 19. Ne2 Be5 20. f4 Bc7
21. Rf3 Kb8 22. c3 e5 23. Rh3 c4 24. Qf3 Rxh3 25. gxh3 Rf8 26. Kg2 Qe6 27. Rd1
Rd8 28. b3 cxb3 29. axb3 a6 30. Ng3 exf4 31. exf4 Qd6 32. Rf1 e5 33. fxe5 Qxe5
34. Rf2 Qxg5 35. Qg4 Qe5 36. Re2 Qxc3 37. Qf3 d4 38. Ne4 Qb4 39. Qe3 dxe3 40.
Ng3 Qf4 41. Nf1 Rf8 42. Nxe3 Qh2# 0-1

[Event "Chess24 Banter Blitz Cup"]
[Site "chess24.com INT"]
[Date "2019.11.13"]
[Round "1.2"]
[White "Svidler, Peter"]
[Black "Rosen, Eric S"]
[Result "0-1"]
[WhiteElo "2729"]
[BlackElo "2353"]
[PlyCount "60"]
[EventDate "2019.09.25"]
[EventType "k.o. (blitz)"]
[EventRounds "7"]
[EventCountry "USA"]
[SourceTitle "CBM 193 Extra"]
[Source "ChessBase"]
[SourceDate "2020.01.31"]
[SourceVersion "1"]
[SourceVersionDate "2020.01.31"]
[SourceQuality "1"]

1. e4 e5 2. Nf3 Nf6 3. d3 Nc6 4. Be2 Bc5 5. Nbd2 O-O 6. O-O Re8 7. c3 a5 8. Re1
d6 9. h3 h6 10. Bf1 Ba7 11. Qc2 Ne7 12. d4 Ng6 13. b3 c6 14. Bb2 Qc7 15. c4 Bd7
16. Rad1 Rad8 17. c5 exd4 18. cxd6 Qxd6 19. Nc4 Qc7 20. e5 Nd5 21. Bxd4 Bxd4
22. Rxd4 Nb4 23. Qd2 Be6 24. Nd6 Rf8 25. a3 Nd5 26. h4 Nxe5 27. Nxe5 Qxd6 28.
Nc4 Qe7 29. Qxa5 Qf6 30. g3 Qxd4 0-1

[Event "Chess24 Banter Blitz Cup"]
[Site "chess24.com INT"]
[Date "2019.11.13"]
[Round "1.3"]
[White "Rosen, Eric S"]
[Black "Svidler, Peter"]
[Result "1-0"]
[WhiteElo "2353"]
[BlackElo "2729"]
[PlyCount "129"]
[EventDate "2019.09.25"]
[EventType "k.o. (blitz)"]
[EventRounds "7"]
[EventCountry "USA"]
[SourceTitle "CBM 193 Extra"]
[Source "ChessBase"]
[SourceDate "2020.01.31"]
[SourceVersion "1"]
[SourceVersionDate "2020.01.31"]
[SourceQuality "1"]

1. d4 Nf6 2. Bf4 d6 3. Nc3 Nbd7 4. Nf3 g6 5. e4 Bg7 6. Qd2 O-O 7. O-O-O c5 8.
dxc5 Nxc5 9. e5 Nh5 10. Bh6 Bg4 11. Bxg7 Nxg7 12. exd6 Bxf3 13. gxf3 exd6 14.
Qxd6 Qxd6 15. Rxd6 Rad8 16. Rxd8 Rxd8 17. Bc4 Rd4 18. Bd5 b6 19. Re1 Kf8 20.
Bc6 Rh4 21. Rh1 Nge6 22. Ne4 Nd4 23. Nxc5 Nxc6 24. Ne4 Nd4 25. Nd2 Rh3 26. Kd1
Nxf3 27. Nxf3 Rxf3 28. Ke2 Rh3 29. Kf1 Ke7 30. Kg2 Rh5 31. Re1+ Kd6 32. Re3 Ra5
33. a3 Rb5 34. b3 Rc5 35. c3 a5 36. Rf3 Rc7 37. Kf1 f5 38. a4 Kc5 39. Ke2 b5
40. axb5 Kxb5 41. Kd2 Rd7+ 42. Kc2 Re7 43. Kd2 a4 44. bxa4+ Kxa4 45. Rf4+ Kb5
46. Kd3 Kc5 47. Ra4 Rd7+ 48. Ke3 Re7+ 49. Kd3 Rd7+ 50. Kc2 Re7 51. Kd2 Rd7+ 52.
Ke2 Re7+ 53. Kf3 Rd7 54. Ra8 Rd3+ 55. Kg2 Rxc3 56. Rd8 Kc4 57. Rd7 Rd3 58. Rxh7
Rd6 59. Re7 Kd5 60. Re1 Re6 61. Rd1+ Ke4 62. Re1+ Kd5 63. Rc1 Ke5 64. h4 Kf6
65. Kf3 1-0

[Event "Chess24 Banter Blitz Cup"]
[Site "chess24.com INT"]
[Date "2019.11.13"]
[Round "1.4"]
[White "Svidler, Peter"]
[Black "Rosen, Eric S"]
[Result "1-0"]
[WhiteElo "2729"]
[BlackElo "2353"]
[PlyCount "37"]
[EventDate "2019.09.25"]
[EventType "k.o. (blitz)"]
[EventRounds "7"]
[EventCountry "USA"]
[SourceTitle "CBM 193 Extra"]
[Source "ChessBase"]
[SourceDate "2020.01.31"]
[SourceVersion "1"]
[SourceVersionDate "2020.01.31"]
[SourceQuality "1"]

1. c4 e6 2. g3 d5 3. Bg2 Nf6 4. Nf3 dxc4 5. Qa4+ c6 6. Qxc4 b5 7. Qc2 Bb7 8. a4
Nbd7 9. O-O a6 10. Nc3 Qb6 11. d4 Be7 12. Rd1 O-O 13. Ne5 Rac8 14. Be3 Nd5 15.
Nxd7 Qc7 16. Nxd5 exd5 17. Nxf8 Bxf8 18. axb5 axb5 19. Bf4 1-0

[Event "Chess24 Banter Blitz Cup"]
[Site "chess24.com INT"]
[Date "2019.11.13"]
[Round "1.5"]
[White "Rosen, Eric S"]
[Black "Svidler, Peter"]
[Result "0-1"]
[WhiteElo "2353"]
[BlackElo "2729"]
[PlyCount "126"]
[EventDate "2019.09.25"]
[EventType "k.o. (blitz)"]
[EventRounds "7"]
[EventCountry "USA"]
[SourceTitle "CBM 193 Extra"]
[Source "ChessBase"]
[SourceDate "2020.01.31"]
[SourceVersion "1"]
[SourceVersionDate "2020.01.31"]
[SourceQuality "1"]

1. d4 f5 2. Nf3 Nf6 3. Bf4 d6 4. e3 g6 5. c4 Bg7 6. Nc3 c6 7. c5 dxc5 8. dxc5
Qa5 9. Qd4 Na6 10. a3 Qxc5 11. Bxa6 Qxd4 12. Nxd4 bxa6 13. Nxc6 Bb7 14. Ne5
Bxg2 15. Rg1 Bb7 16. O-O-O O-O 17. h4 Rfd8 18. Rxd8+ Rxd8 19. Rd1 Rxd1+ 20.
Kxd1 Nd5 21. Nxd5 Bxd5 22. Bg3 Bf6 23. b4 Kg7 24. Nd3 h6 25. Nc5 Bc4 26. Kc2 g5
27. hxg5 Bxg5 28. Bb8 h5 29. Bxa7 h4 30. Bb8 Kf6 31. Bh2 h3 32. Kc3 Bf1 33. Nd3
Bh4 34. Kd2 Bxd3 35. Kxd3 Bxf2 36. a4 Ke6 37. b5 axb5 38. axb5 Kd7 39. Ke2 Bh4
40. Kf3 e6 41. e4 fxe4+ 42. Kxe4 Be7 43. Kf3 Bd6 44. Bxd6 Kxd6 45. Kg3 Kc5 46.
Kxh3 Kxb5 47. Kg3 Kc4 48. Kf4 Kd4 49. Kf3 e5 50. Ke2 Ke4 51. Kd2 Kf3 52. Ke1
Ke3 53. Kf1 Kd2 54. Kf2 e4 55. Kg3 e3 56. Kf4 e2 57. Kf3 e1=Q 58. Kg2 Qe3 59.
Kf1 Qf4+ 60. Kg1 Ke2 61. Kh1 Qg4 62. Kh2 Kf2 63. Kh1 Qh4# 0-1

[Event "Chess24 Banter Blitz Cup"]
[Site "chess24.com INT"]
[Date "2019.11.13"]
[Round "1.6"]
[White "Svidler, Peter"]
[Black "Rosen, Eric S"]
[Result "1-0"]
[WhiteElo "2729"]
[BlackElo "2353"]
[PlyCount "103"]
[EventDate "2019.09.25"]
[EventType "k.o. (blitz)"]
[EventRounds "7"]
[EventCountry "USA"]
[SourceTitle "CBM 193 Extra"]
[Source "ChessBase"]
[SourceDate "2020.01.31"]
[SourceVersion "1"]
[SourceVersionDate "2020.01.31"]
[SourceQuality "1"]

1. Nf3 Nf6 2. g3 d5 3. Bg2 e6 4. O-O Be7 5. d3 O-O 6. Nbd2 b6 7. e4 dxe4 8.
dxe4 Bb7 9. e5 Nfd7 10. Qe2 Nc6 11. Rd1 Qc8 12. Nb3 Rd8 13. Bf4 a5 14. a3 a4
15. Nbd4 Nxd4 16. Nxd4 Bxg2 17. Kxg2 Qb7+ 18. Qf3 Qxf3+ 19. Kxf3 Nc5 20. Nc6
Re8 21. Be3 Rac8 22. Bxc5 Bxc5 23. Rd7 b5 24. b4 axb3 25. cxb3 Kf8 26. a4 bxa4
27. bxa4 Ra8 28. a5 Ra6 29. Rxc7 Rea8 30. Rd1 Kg8 31. Rdd7 Rf8 32. Ke2 g5 33.
f3 Kg7 34. g4 Kg6 35. Kd3 h5 36. h3 Bg1 37. Kc4 hxg4 38. hxg4 Bh2 39. Kb5 Raa8
40. a6 Bg1 41. a7 Bxa7 42. Rxa7 Rxa7 43. Rxa7 f6 44. Kc4 fxe5 45. Nxe5+ Kf6 46.
Nd7+ Kg6 47. Nxf8+ Kh6 48. Nxe6 Kg6 49. Nxg5 Kh6 50. Rf7 Kg6 51. Rf5 Kh6 52.
Ne4 1-0

[Event "Chess24 Banter Blitz Cup"]
[Site "chess24.com INT"]
[Date "2019.11.13"]
[Round "1.7"]
[White "Rosen, Eric S"]
[Black "Svidler, Peter"]
[Result "1/2-1/2"]
[WhiteElo "2353"]
[BlackElo "2729"]
[PlyCount "84"]
[EventDate "2019.09.25"]
[EventType "k.o. (blitz)"]
[EventRounds "7"]
[EventCountry "USA"]
[SourceTitle "CBM 193 Extra"]
[Source "ChessBase"]
[SourceDate "2020.01.31"]
[SourceVersion "1"]
[SourceVersionDate "2020.01.31"]
[SourceQuality "1"]

1. d4 d5 2. Bf4 Nf6 3. e3 c5 4. Nf3 Bf5 5. Nbd2 Qb6 6. dxc5 Qxc5 7. a3 Nc6 8.
Bd3 Bxd3 9. cxd3 Qb5 10. Qc2 e6 11. O-O Be7 12. d4 O-O 13. Rfc1 Rfc8 14. Nf1
Nd7 15. Ng3 Nb6 16. Qe2 Qxe2 17. Nxe2 Na5 18. Rxc8+ Rxc8 19. Rc1 Rxc1+ 20. Nxc1
Nac4 21. Nd3 Na4 22. b3 Ncb2 23. Nfe1 Nxd3 24. Nxd3 Nc3 25. Bb8 a6 26. a4 Ne4
27. f3 Nd2 28. b4 Nc4 29. Kf2 Kf8 30. Ke2 Ke8 31. Ba7 b6 32. Bb8 Kd7 33. Bg3
Kc6 34. Be1 f6 35. f4 f5 36. h3 g5 37. g3 g4 38. h4 h5 39. Ne5+ Nxe5 40. dxe5
b5 41. a5 Bf8 42. Kd3 Be7 1/2-1/2

[Event "Chess24 Banter Blitz Cup"]
[Site "chess24.com INT"]
[Date "2019.11.13"]
[Round "1.8"]
[White "Svidler, Peter"]
[Black "Rosen, Eric S"]
[Result "1-0"]
[WhiteElo "2729"]
[BlackElo "2353"]
[PlyCount "131"]
[EventDate "2019.09.25"]
[EventType "k.o. (blitz)"]
[EventRounds "7"]
[EventCountry "USA"]
[SourceTitle "CBM 193 Extra"]
[Source "ChessBase"]
[SourceDate "2020.01.31"]
[SourceVersion "1"]
[SourceVersionDate "2020.01.31"]
[SourceQuality "1"]

1. e4 e5 2. Bc4 Nf6 3. d3 Nc6 4. Nf3 Bc5 5. O-O a6 6. a4 Ba7 7. c3 d6 8. Nbd2
O-O 9. Re1 Ng4 10. Re2 Kh8 11. h3 Nh6 12. Nf1 f5 13. Bxh6 gxh6 14. Ng3 fxe4 15.
dxe4 Bxh3 16. Qd3 Bg4 17. Nf5 Qf6 18. N3h4 Ne7 19. g3 Nxf5 20. Nxf5 Bxf5 21.
exf5 Qxf5 22. Qxf5 Rxf5 23. Kg2 Raf8 24. Rf1 Kg7 25. f3 c6 26. Bd3 R5f6 27. b4
Re8 28. b5 cxb5 29. axb5 a5 30. Be4 Re7 31. Ra1 Bb6 32. c4 Rf8 33. Bd5 Ra8 34.
Rea2 Ra7 35. Kf1 Re8 36. Ke2 Rea8 37. Ra4 Bd4 38. R1a2 Bc3 39. b6 Ra6 40. Bxb7
Kf6 41. Kd3 Bd4 42. Bxa8 Rxa8 43. Rxa5 Rb8 44. Rb5 Rxb6 45. Rxb6 Bxb6 46. Ke4
h5 47. Ra8 Bf2 48. Rf8+ Ke7 49. Rf5 Bxg3 50. Rxh5 Bf4 51. Rxh7+ Ke6 52. Ra7 Bc1
53. Ra6 Kd7 54. Kd5 Bf4 55. Rxd6+ Kc7 56. Re6 Bg3 57. Rxe5 Bf2 58. Re6 Be1 59.
c5 Bf2 60. Re7+ Kd8 61. Rh7 Ke8 62. c6 Bg3 63. c7 Bxc7 64. Rxc7 Kf8 65. Ke6 Ke8
66. Rc8# 1-0

[Event "Chess24 Banter Blitz Cup"]
[Site "chess24.com INT"]
[Date "2019.11.13"]
[Round "1.9"]
[White "Rosen, Eric S"]
[Black "Svidler, Peter"]
[Result "0-1"]
[WhiteElo "2353"]
[BlackElo "2729"]
[PlyCount "98"]
[EventDate "2019.09.25"]
[EventType "k.o. (blitz)"]
[EventRounds "7"]
[EventCountry "USA"]
[SourceTitle "CBM 193 Extra"]
[Source "ChessBase"]
[SourceDate "2020.01.31"]
[SourceVersion "1"]
[SourceVersionDate "2020.01.31"]
[SourceQuality "1"]

1. d4 Nf6 2. Bf4 e6 3. e3 c5 4. Nf3 b6 5. Nbd2 Be7 6. Nc4 d5 7. Nce5 O-O 8. c3
Nfd7 9. Bd3 f6 10. Nxd7 Nxd7 11. e4 Bb7 12. exd5 Bxd5 13. O-O cxd4 14. cxd4 Rf7
15. Re1 Nf8 16. Qe2 Bd6 17. Bg3 Rc8 18. Rad1 Rfc7 19. b3 Ng6 20. Be4 Bb4 21.
Bxd5 Qxd5 22. Qxe6+ Qxe6 23. Rxe6 Rc1 24. Rf1 Kf7 25. Re2 R8c2 26. Rxc2 Rxc2
27. h4 Ne7 28. Rd1 Nd5 29. a4 Rb2 30. Rd3 Bc3 31. Bb8 a5 32. h5 Rxb3 33. Nh4 b5
34. axb5 a4 35. Bd6 Bb4 36. Rxb3 axb3 37. Bxb4 b2 38. Bc5 b1=Q+ 39. Kh2 Qxb5
40. Nf3 Qd3 41. g3 Qf5 42. Kg2 Qe4 43. g4 g5 44. Kg3 Qf4+ 45. Kg2 Qxg4+ 46. Kh2
Qxf3 47. Bd6 Qxf2+ 48. Kh3 Ne3 49. Bg3 Qg2# 0-1

[Event "Chess24 Banter Blitz Cup"]
[Site "chess24.com INT"]
[Date "2019.11.13"]
[Round "1.10"]
[White "Svidler, Peter"]
[Black "Rosen, Eric S"]
[Result "1-0"]
[WhiteElo "2729"]
[BlackElo "2353"]
[PlyCount "61"]
[EventDate "2019.09.25"]
[EventType "k.o. (blitz)"]
[EventRounds "7"]
[EventCountry "USA"]
[SourceTitle "CBM 193 Extra"]
[Source "ChessBase"]
[SourceDate "2020.01.31"]
[SourceVersion "1"]
[SourceVersionDate "2020.01.31"]
[SourceQuality "1"]

1. e4 e5 2. Bc4 Nf6 3. d3 Nc6 4. Nf3 Bc5 5. O-O a6 6. a4 Ba7 7. c3 d6 8. Nbd2
O-O 9. h3 Ne7 10. Re1 Ng6 11. Nf1 c6 12. Bb3 Qc7 13. d4 Re8 14. Ng3 Be6 15. Bc2
Rad8 16. Be3 Bb8 17. Bg5 d5 18. Bxf6 gxf6 19. Nh5 Qe7 20. Qd2 Nf4 21. Nxf4 exf4
22. e5 fxe5 23. dxe5 f6 24. Qxf4 fxe5 25. Nxe5 Rf8 26. Qh6 Rf6 27. Bxh7+ Kh8
28. Ng6+ Rxg6 29. Bxg6+ Kg8 30. Bf5 Rd6 31. Rxe6 1-0

[Event "Chess24 Banter Blitz Cup"]
[Site "chess24.com INT"]
[Date "2019.11.13"]
[Round "1.11"]
[White "Rosen, Eric S"]
[Black "Svidler, Peter"]
[Result "0-1"]
[WhiteElo "2353"]
[BlackElo "2729"]
[PlyCount "86"]
[EventDate "2019.09.25"]
[EventType "k.o. (blitz)"]
[EventRounds "7"]
[EventCountry "USA"]
[SourceTitle "CBM 193 Extra"]
[Source "ChessBase"]
[SourceDate "2020.01.31"]
[SourceVersion "1"]
[SourceVersionDate "2020.01.31"]
[SourceQuality "1"]

1. d4 f5 2. Nf3 Nf6 3. Bf4 d6 4. e3 Nbd7 5. c4 c6 6. Nc3 Qa5 7. a3 e5 8. b4 Qc7
9. Bg3 Nh5 10. Bh4 Ndf6 11. Be2 g6 12. c5 e4 13. Nd2 d5 14. Bxh5 Nxh5 15. Bg3
f4 16. Bxf4 Nxf4 17. exf4 Qxf4 18. Ne2 Qg5 19. Rg1 Bg7 20. Qb3 O-O 21. Qg3 Qf6
22. Nb3 Bh6 23. h3 Bf5 24. Rf1 Rae8 25. Qc3 e3 26. f4 Qh4+ 27. Kd1 Be4 28. Rg1
Bxf4 29. Qe1 Qf2 30. Ra2 Bh2 31. Rh1 Qxg2 32. Rxh2 Qxh2 33. Nc3 Rf2 34. Re2 Bf3
35. Nc1 Rf8 36. Kc2 Bxe2 37. N1xe2 Qxh3 38. Kd3 Qf5+ 39. Kxe3 Re8+ 40. Kd2 Qf3
41. a4 Qe3+ 42. Kd1 Qd3+ 43. Qd2 Rf1# 0-1

[Event "Chess24 Banter Blitz Cup"]
[Site "chess24.com INT"]
[Date "2020.01.04"]
[Round "2.1"]
[White "Gozzoli, Yannick"]
[Black "Svidler, Peter"]
[Result "0-1"]
[WhiteElo "2604"]
[BlackElo "2729"]
[PlyCount "76"]
[EventDate "2019.09.25"]
[EventType "k.o. (blitz)"]
[EventRounds "7"]
[EventCountry "USA"]
[SourceTitle "CBM 194 Extra"]
[Source "ChessBase"]
[SourceDate "2020.03.31"]
[SourceVersion "1"]
[SourceVersionDate "2020.03.31"]
[SourceQuality "1"]

1. d4 Nf6 2. Nf3 g6 3. Bg5 Bg7 4. c3 d5 5. Nbd2 O-O 6. e3 Nbd7 7. Be2 Re8 8.
O-O e5 9. c4 exd4 10. Nxd4 dxc4 11. Nxc4 h6 12. Bh4 g5 13. Bg3 Ne4 14. Nf5 Nxg3
15. hxg3 Nf6 16. Nxg7 Qxd1 17. Rfxd1 Kxg7 18. Rac1 Be6 19. a3 Rad8 20. f3 Rxd1+
21. Rxd1 Bxc4 22. Bxc4 Rxe3 23. Kf2 Re7 24. Rc1 Ne8 25. Be2 Nd6 26. b4 c6 27.
a4 Re5 28. g4 Kf6 29. g3 a5 30. Rb1 axb4 31. Rxb4 Rc5 32. Ke3 Rc3+ 33. Kd2 Ra3
34. Bd3 Ke5 35. f4+ Kd5 36. fxg5 hxg5 37. Kc2 Kc5 38. Rb1 Rxa4 0-1

[Event "Chess24 Banter Blitz Cup"]
[Site "chess24.com INT"]
[Date "2020.01.04"]
[Round "2.2"]
[White "Svidler, Peter"]
[Black "Gozzoli, Yannick"]
[Result "0-1"]
[WhiteElo "2729"]
[BlackElo "2604"]
[PlyCount "76"]
[EventDate "2019.09.25"]
[EventType "k.o. (blitz)"]
[EventRounds "7"]
[EventCountry "USA"]
[SourceTitle "CBM 194 Extra"]
[Source "ChessBase"]
[SourceDate "2020.03.31"]
[SourceVersion "1"]
[SourceVersionDate "2020.03.31"]
[SourceQuality "1"]

1. e4 e5 2. Nf3 Nc6 3. Bb5 a6 4. Ba4 Nf6 5. O-O Be7 6. d3 d6 7. c4 O-O 8. h3
Nd4 9. Nxd4 exd4 10. Nd2 Rb8 11. Bc2 b5 12. b3 c5 13. f4 Nd7 14. Nf3 Bb7 15. f5
Ne5 16. Bf4 Nxf3+ 17. Qxf3 Bg5 18. Bxg5 Qxg5 19. f6 g6 20. Qf4 Qxf4 21. Rxf4
bxc4 22. bxc4 Bc6 23. Bb3 a5 24. Rf2 a4 25. Bd1 Rb7 26. Bf3 Rfb8 27. Re1 Rb1
28. Rfe2 Rxe1+ 29. Rxe1 Kf8 30. Kf2 Rb2+ 31. Re2 a3 32. Ke1 Ba4 33. e5 Rxe2+
34. Bxe2 dxe5 35. Bd1 Bxd1 36. Kxd1 Ke8 37. Ke2 Kd7 38. g4 h6 0-1

[Event "Chess24 Banter Blitz Cup"]
[Site "chess24.com INT"]
[Date "2020.01.04"]
[Round "2.3"]
[White "Gozzoli, Yannick"]
[Black "Svidler, Peter"]
[Result "0-1"]
[WhiteElo "2604"]
[BlackElo "2729"]
[PlyCount "80"]
[EventDate "2019.09.25"]
[EventType "k.o. (blitz)"]
[EventRounds "7"]
[EventCountry "USA"]
[SourceTitle "CBM 194 Extra"]
[Source "ChessBase"]
[SourceDate "2020.03.31"]
[SourceVersion "1"]
[SourceVersionDate "2020.03.31"]
[SourceQuality "1"]

1. d4 Nf6 2. Nf3 g6 3. Bg5 Bg7 4. c3 O-O 5. Nbd2 d6 6. e4 Nbd7 7. Be2 e5 8.
dxe5 dxe5 9. O-O Qe7 10. Qc2 b6 11. Nc4 Bb7 12. Nfd2 Nc5 13. f3 Ne6 14. Bh4 Nf4
15. Rfe1 Nxe2+ 16. Rxe2 Qe6 17. Ne3 Rfd8 18. Nb3 Rd7 19. Rd1 Rad8 20. Red2 Rxd2
21. Rxd2 Rxd2 22. Qxd2 Qd7 23. Qxd7 Nxd7 24. Bd8 c6 25. Bc7 Ba6 26. Kf2 f6 27.
Nd2 Kf7 28. Ndc4 Ke6 29. b4 Bf8 30. Ke1 f5 31. Nd2 Bh6 32. Kf2 Bd3 33. a3 Nf6
34. exf5+ gxf5 35. Bb8 a5 36. Bc7 axb4 37. cxb4 Nd5 38. Nxd5 cxd5 39. Nf1 b5
40. f4 Bxf4 0-1

[Event "Chess24 Banter Blitz Cup"]
[Site "chess24.com INT"]
[Date "2020.01.04"]
[Round "2.4"]
[White "Svidler, Peter"]
[Black "Gozzoli, Yannick"]
[Result "1-0"]
[WhiteElo "2729"]
[BlackElo "2604"]
[PlyCount "49"]
[EventDate "2019.09.25"]
[EventType "k.o. (blitz)"]
[EventRounds "7"]
[EventCountry "USA"]
[SourceTitle "CBM 194 Extra"]
[Source "ChessBase"]
[SourceDate "2020.03.31"]
[SourceVersion "1"]
[SourceVersionDate "2020.03.31"]
[SourceQuality "1"]

1. e4 e5 2. Nf3 Nc6 3. Bb5 a6 4. Ba4 Nf6 5. O-O Be7 6. d3 d6 7. c3 O-O 8. Re1
Re8 9. Nbd2 h6 10. Nf1 Bf8 11. Ng3 b5 12. Bc2 d5 13. exd5 Nxd5 14. a4 b4 15. d4
exd4 16. Rxe8 Qxe8 17. Qd3 g6 18. cxd4 Bg7 19. Bd2 Be6 20. Re1 Qd8 21. Rxe6
fxe6 22. Qxg6 Nf6 23. Bxh6 Qe7 24. Ng5 Nxd4 25. Nh5 1-0